| 000 | 03294nam a2200301Ia 4500 | ||
|---|---|---|---|
| 008 | 130821s2012 xxua gr eng | ||
| 020 | _a9780071749268 | ||
| 040 |
_aCo-BoUCM _bspa |
||
| 041 | 0 | 0 | _aeng |
| 060 | 1 | 0 | _aWP 17 |
| 245 | 0 | 0 |
_aGynecologic oncology clinical practice and surgical atlas _ceditado por Beth Y. Karlan, Robert E. Bristow yAndrew J. Li |
| 260 |
_aNueva York (Estados Unidos) _bMcGraw-Hill _c2012 |
||
| 263 | _a1207 | ||
| 300 |
_axv, 715 páginas _bilustraciones a color, tablas |
||
| 504 | _aIncluye bibliografía e índice. | ||
| 505 | 8 | _aMachine generated contents note: Epidemiology of Gynecologic Cancer, Biostatistics, Clinical Trial Design -- Genetics and Biology of Gynecologic Cancers -- Diagnostic Modalities -- Disease Sites -- Preinvasive Disease of Lower Genital Tract -- Cervical Cancer -- Endometrial Hyperplasia and Cancer -- Uterine Sarcoma -- Gestational Trophoblastic Disease -- Vulvar Cancer -- Vaginal Cancer -- Management of the Adnexal Mass -- Epithelial Ovarian Cancers -- Fallopian Tube and Primary Peritoneal Cancers -- Germ Cell and Sex Cord-Stromal Ovarian Cancers: Part A: Germ Cell Tumors -- Germ Cell and Sex Cord-Stromal Ovarian Cancers: Part B: Sex Cord-Stromal Tumors -- Breast Cancer and Related Disease -- Cancer in Pregnancy -- Cancer metastatic to the gynecologic organs -- Clinical Management Topics -- Perioperative and Critical Care (including nutritional support) -- Principles of Radiation Therapy -- Principles of Chemotherapy -- Targeted and Immuno-therapies -- Complementary Medicine, Quality of Life, and Palliative Care -- Surgical instrumentation and sutures -- Surgical Atlas -- Ovarian/fallopian tube procedures -- Uterine procedures -- Cervical procedures -- Vulvar/vaginal procedures -- Lymphadenectomy -- Staging procedures -- Cytoreductive procedures -- Minimally invasive surgery -- Pelvic exenteration - Part A. Total pelvic exenteration - Part B. Urinary Diversions - Part C. Vaginal and Vulva Reconstruction -- Ancillary procedures. | |
| 520 | _a"Essential Gynecologic Oncology will be the most comprehensive single resource on the topic. Currently, all texts in the field present either a medical discussion or surgical procedures. Available surgical atlases are either terribly outdated or shockingly expensive. EGO will be the first to combine these two kinds of resources in a single affordable volume. Each topic is written by experts and is presented in an easily accessible consistent presentation that highlights clinical practice guidelines along with the diagnosis and treatment of specific malignancies. This authoritative coverage is reinforced by the state of the art surgical atlas which offers a richly illustrated, overview of essential procedures designed to build your knowledge and confidence"--Provided by publisher. | ||
| 650 | 0 | 4 |
_aCirugía uroginecológica _vAtlas _910934 |
| 650 | 0 | 4 |
_aCirugía _97407 |
| 650 | 0 | 4 |
_aGinecología _9217 |
| 650 | 0 | 4 |
_aNeoplasmas de la mama _vDiagnostico _vAtlas _920222 |
| 650 | 0 | 4 |
_aNeoplasmas de la mama _xTerapia _vAtlas _920222 |
| 650 | 0 | 4 |
_aOncología _9314 |
| 700 | 1 |
_aBristow, Robert E. _9160519 |
|
| 700 | 1 |
_aKarlan, Beth Y. _q(Beth Young) _9160520 |
|
| 700 | 1 |
_aLi, Andrew J. _9160521 |
|
| 942 |
_cLIBRO _a15 _e1 _mG997 _2NLM _hWP 17 _n0 |
||
| 999 |
_c40218 _d40218 |
||